000 00449nam a2200181Ia 4500
001 25007
005 20260414151121.0
008 260414t2021||||xx |||||||||||||| ||spa||
041 _aESP
082 _a346.1
_bC34
100 _aCastillo Freyre, Mario
_eAUT
245 0 _aDerecho de las personas naturales y jurídicas
_b
260 _c2021
300 _a349 páginas :
_c25 cm.
650 _aDER
654 _aCDE
942 _cLIB
_dJUS
_fJUS
_2ddc
_n
999 _c25007
_d25007